1385 1657 1582 1766 1665 1748 1426 1162 1614 1926 1289 1684 1166 1541 1187 1703 1274 1506 1674 1819 1105 1566 1189 1724 1199 1610 1184 1734 1065 1698 1603 1826 1760 1735 1603 1773 1119 1239 1066 1112 1612 1755 1016 1147 1763 1334 1246 1244 1491 1440 1532 1802 1551 1960 1003 1884 1796 1413 1125 1894 1405 1254 1387 1657 1477 1972 1309 1660 1814 1477 1692 1434 1999 1300 1406 1012 1421 1463 1765 1685 1217 1249 1428 1386 1529 1059 1224 1708 1339 1347 1201 1558 1626 1429 1141 1632 1770 1886 1791 BCNSPRNW ULIB Ver.6.0+V

เปลี่ยนเป็นภาษาไทย

Change to English
 แสดงรายละเอียดบรรณานุกรม
  กลับหน้าหลัก

Brief Record : Get Marc (ISO 2709) : E-mail record : QR code < ปิดหน้าต่าง
LEADER : 00000nam 2200000uu 4500
001    13399109267
003     ULIB
008    110325s2543||||th 000 0 tha d
020    9742941718
060 04 WA546^bพ487ร 2543
100 0  พวงเพชร เฉิดฉันท์พิพัฒน์
245 10 รายงานการประเมินศักยภาพการพึ่งตนเองด้านสาธารณสุขของชุมชน /^cพวงเพชร เฉิดฉันท์พิพัฒน์, วิรุณสิริ อารยวงศ์
250    พิมพ์ครั้งที่ 1
260    กรุงเทพฯ :^bสำนักงานคณะกรรมการสาธารณสุขมูลฐาน,^c2543
300    87 หน้า ;^c29 ซม.
650  7 การพัฒนาชุมชน
650  7 การพึ่งตนเอง
650  7 สาธารณสุขมูลฐาน
650  7 อนามัยชุมชน
700 0  วิรุณศิริ อารยวงศ์
710 2  สำนักงานคณะกรรมการการสาธารณสุขมูลฐาน
945    ^p0^l0^i014385
945    ^p0^l0^i016565
995    ทศพร
999 ^a ใช้งานได้ทุกระบบ
รายการนี้ยังไม่มีแท็ก
คุณยังไม่ได้ล็อกอิน คุณสามารถมีกิจกรรมร่วมกับเว็บไซต์ได้ แต่ต้องล็อกอินก่อน ::
  ล็อกอิน

รายการสื่อสารสนเทศ

ลำดับที่ ประเภท เลขเรียก/บาร์โค้ด สถานที่ สถานะ
- ไม่พบข้อมูล -

รายการใกล้เคียง
    หัวเรื่อง [การพัฒนาชุมชน]
    หัวเรื่อง [การพึ่งตนเอง]
    หัวเรื่อง [สาธารณสุขมูลฐาน]
    หัวเรื่อง [อนามัยชุมชน]

BibComment


ยังไม่เคยถูกคอมเมนท์

คอมเมนท์ทรัพยากรรายการนี้
  คอมเมนท์: รายงานการประเมินศ..


 Copyright 2026. Bcnsprnw @Library